02061cam a22003615a 45000010009000000050017000090080041000260100017000670200015000840200018000990400033001170420008001500820022001581000020001802450079002002500012002792600073002913000035003645000024003995040041004235200683004645200113011475900011012606500042012716500066013136500036013796500064014156510010014796530025014899420026015149990017015409520142015571724161620201128024056.0120404r20152012ii a fr 001 0 eng d a 2012013971 a8126556226 a9788126556229 aDLCbengcDLCdDLCdEG-ScBUE apcc04223a621.3827bRAZ1 aRazavi, Behzad.10aDesign of integrated circuits for optical communications /cBehzad Razavi. a2nd ed. aNew Delhi :bWiley India Pvt. Ltd. / John Wiley & Sons, Inc.,c2015. axvii, 424 p. :bill. ;c26 cm. aIndex : p. 417-424. aIncludes bibliographical references. a"The increasing demand for high-speed transport of data has revitalized optical communications, leading to extensive work on high-speed device and circuit design. This book deals with the design of high-speed integrated circuits for optical communication transceivers.Building upon a detailed understanding of optical devices, the book describes the analysis and design of critical building blocks, such as transimpedance and limiting amplifiers, laser drivers, phase-locked loops, oscillators, clock and data recovery circuits, and multiplexers.This second edition of this best selling textbook has been updated to provide information on the latest developments in the field"-- a"This book deals with the design of high-speed integrated circuits for optical communication transceivers"-- aWessam 7aOptoelectronic devices.2BUEsh913259 7aOptical communicationsxEquipment and supplies.2BUEsh941727 7a Integrated optics.2BUEsh9561 7aIntegrated circuitsxDesign and construction.2BUEsh932591 2BUEsh bENGELCcDecember2016 2ddce22k621.3827 RAZ c23614d23586 00102ddc40708AlahramaMAINbMAINc1STd2016-12-19ePurchaseg198.00h118l0o621.3827 RAZp000045239r2025-07-15 00:00:00v247.50yBB